• 首页
  • 本馆介绍
  • 公告通知
  • 最新文献
  • 馆藏检索
  • 电子资源
  • 读者导购
  • 参考咨询
  • 我的图书馆
  • 登录
  • 详细信息显示
  • 放入我的书架
  • 预约/预借图书
  • 作者相关作品
  • 分类相关作品
  • 丛书相关作品
  • 出版社相关作品

书目信息

  • 表格格式
  • 工作单格式
  • 卡片格式
题名:
从短语结构到最简方案—阿尔泰语言的句法结构
    
 
作者: 力提甫·托乎提 著
分册:  
出版信息: 北京   中央民族大学出版社  2004
页数: 355页
开本: 23cm
丛书名:
单 册:
中图分类: H504
科图分类:
主题词: 阿尔泰语系--句法结构--研究
电子资源:
ISBN: 7-81056-862-0
000 01419nam0 2200337 450
000 01382nam0 2200325 450
000 01436nam0 2200337 450
000 01399nam0 2200325 450
000 01395nam0 2200313 450
000 01358nam0 2200301 45
001 TS2006012090
005 20061209171307.96
010    @a7-81056-862-0@dCNY55.00
092    @aCN@bTS01-012984
100    @a20060829d2004 emky0chiy0110 ea
101 0  @achi@eeng
102    @aCN@b110000
105    @ay z 000yy
200 1  @a从短语结构到最简方案—阿尔泰语言的句法结构@Acong duan yu jie gou dao zui jian fang an—a er tai yu yan de ju fa jie gou@f力提甫·托乎提著@FLi Ti Fu· Tuo Hu Ti Zhu
210    @a北京@c中央民族大学出版社@d2004
215    @a355页@d23cm
300    @a北京市高等教育精品教材立项项目 中央民族大学教材建设项目出版基金
330    @a本书从阿尔泰语的语言实际出发研究其语言的句法结构,从上世纪五六十年代开始的短语结构规则、词汇插入规则,八十年代的转换生成语法等直到至今的最简方案等进行介绍。
510 1  @aFrom Phrase Structure to Minimalist Program@eThe Syntactic Structure of Altaic Languages@zeng
606 0  @a阿尔泰语系@x句法结构@x研究
690    @aH504@v4
701  0 @c(维)@a力提甫·托乎提@Ali ti fu · tuo hu ti@f(1953~)@4著
801  0 @aCN@b中图数据@c20061209
905    @a10447@dH504@e8
    
    从短语结构到最简方案—阿尔泰语言的句法结构/力提甫·托乎提著.-北京:中央民族大学出版社,2004
    355页;23cm
    北京市高等教育精品教材立项项目 中央民族大学教材建设项目出版基金
    
    ISBN 7-81056-862-0:CNY55.00
    本书从阿尔泰语的语言实际出发研究其语言的句法结构,从上世纪五六十年代开始的短语结构规则、词汇插入规则,八十年代的转换生成语法等直到至今的最简方案等进行介绍。
●
相关链接 在E读中查询图书 在五车中查询图书 在当当中查询图书 在豆瓣中查询图书


正题名:从短语结构到最简方案—阿尔泰语言的句法结构     索取号:H504/8         预约/预借

序号 登录号 条形码 馆藏地/架位号 状态 备注
1 0606633   206066335   第二样本阅览室/ [索取号:H504/8] 在馆    
2 0606634   206066344   第四借阅区/ [索取号:H504/8] 在馆    
3 0606635   206066353   第四借阅区/ [索取号:H504/8] 在馆    
唐山师范学院图书馆 欢迎您!
大连网信软件有限公司© 版权所有